000 00351nam a22001337a 4500
005 20250901165814.0
008 250328b |||||||| |||| 00| 0 eng d
020 _a9789966364455
050 _aPL 8704 .M64 2010
245 _aNyuso za wanawake
_cSaid A. Mohamed
260 _aNairobi:
_bSasa sema,
_cc2010.
300 _avii, 342p.:
_c18 cm.
942 _2lcc
999 _c9452
_d9452